Statistics for Winter Olympics - Curling

Click here to take the quiz!

General Stats

  • This quiz has been taken 254 times
    (153 since last reset)
  • The average score is 9 of 11

Answer Stats

# of medalsAnswer% Correct
1United States
100%
11Canada
99%
4Norway
98%
8Sweden
98%
1Finland
91%
7Switzerland
91%
1China
83%
1Denmark
79%
1France
79%
1South Korea
69%
4Great Britain
61%

Score Distribution

Percentile by Number Answered

Percent of People with Each Score

Your Score History

You have not taken this quiz since the last reset